Philipp II: Gemälde eines lebens und einer zeit

Guardat en:
Dades bibliogràfiques
Autor principal: Pfandl, Ludwig (Autor)
Format: Llibre
Idioma:alemany
Publicat: Darmstadt, Alemania Wissenschaftliche Buchgesellschaft 1969
Matèries:
Etiquetes: Afegir etiqueta
Sense etiquetes, Sigues el primer a etiquetar aquest registre!

MARC

LEADER 00000cam a2200000 a 4500
001 UCD4654
003 CL-VaPUC
005 20210521001554.0
008 160713e19690000gw |||||||||||||||||ger|d
999 |c 365524  |d 365522 
040 |c Pontificia Universidad Católica de Valparaíso 
082 0 4 |a 946.043 PFA 1969  |2 21 
100 0 |a Pfandl, Ludwig  |e author  |9 588386 
245 1 0 |a Philipp II:  |b  Gemälde eines lebens und einer zeit 
260 |a Darmstadt, Alemania  |b Wissenschaftliche Buchgesellschaft  |c 1969 
300 |a 634 páginas 
583 |a last modification  |c 20160713 20:53:00  |k Rodrigo Vera 
600 0 7 |a FELIPE II  |2 CL-VaPUC  |9 316354  |z ESPAÑA 
650 0 |a Historia de España  |9 315435 
650 7 |a REYES DE ESPAÑA  |2 CL-VaPUC  |9 588387 
852 |a BIBCUR 
942 |c BK  |2 ddc 
945 |d 20160713 20:53:00  |a arojas 
952 |0 0  |1 0  |2 ddc  |3 erb  |4 0  |6 946_043000000000000_PFA_1969  |7 0  |8 A  |9 479406  |a FDOHBE  |b FDOHBE  |e Huesbe Llanos, Marco Antonio, 1934-  |i 5305861  |o 946.043 PFA 1969  |p 5305861  |r 2024-01-30  |t 1  |w 2019-11-24  |y BK  |z Catalogado en:20160713  |k HBE